[Event "OEISM 0818 BLMM"]
[Site "austriablmm"]
[Date "2020.12.12"]
[Round "8"]
[White "UrosN"]
[Black "Sebsep1"]
[Result "0-1"]
[WhiteElo "1843"]
[BlackElo "2083"]
[Annotator "NA RC"]
[PlyCount "82"]
[EventDate "2020.12.12"]
[EventType "blitz"]

1. d4 {[%emt 0:00:03]} Nf6 {[%emt 0:00:01]} 2. c4 {[%emt 0:00:02]} g6 {[%emt 0:00:01]} 3. Nc3 {[%emt 0:00:03]} Bg7 {[%emt 0:00:01]} 4. e4 {[%emt 0:00:01]} d6 {[%emt 0:00:02]} 5. Nf3 {[%emt 0:00:01]} O-O {[%emt 0:00:04]} 6. Be2 {[%emt 0:00:01]} e5 {[%emt 0:00:01]} 7. Be3 {[%emt 0:00:04]} Nc6 {[%emt 0:00:13]} 8. d5 {[%emt 0:00:03]} Ne7 {[%emt 0:00:01]} 9. O-O {[%emt 0:00:02]} Nd7 {[%emt 0:00:03]} 10. Ne1 {[%emt 0:00:02]} f5 {[%emt 0:00:01]} 11. f3 {[%emt 0:00:01]} f4 {[%emt 0:00:01]} 12. Bf2 {[%emt 0:00:02]} g5 {[%emt 0:00:00]} 13. Nd3 {[%emt 0:00:07]} Nf6 {[%emt 0:00:03]} 14. c5 {[%emt 0:00:02]} Ng6 {[%emt 0:00:08]} 15. cxd6 {[%emt 0:00:10]} cxd6 {[%emt 0:00:02]} 16. Rc1 {[%emt 0:00:01]} Rf7 {[%emt 0:00:04]} 17. Nb5 {[%emt 0:00:04]} b6 {[%emt 0:00:32]} 18. a4 {[%emt 0:00:16]} h5 {[%emt 0:00:04]} 19. a5 {[%emt 0:00:01]} Bf8 {[%emt 0:00:51]} 20. Nb4 {[%emt 0:00:11]} g4 {[%emt 0:00:16]} 21. Nc6 {[%emt 0:00:09]} Qe8 {[%emt 0:00:07]} 22. Bh4 {[%emt 0:00:08]} Nxh4 {[%emt 0:00:07]} 23. Qe1 {[%emt 0:00:12]} Ng6 {[%emt 0:00:12]} 24. Nc3 {[%emt 0:00:23]} g3 {[%emt 0:00:14]} 25. Bb5 {[%emt 0:00:13]} Bd7 {[%emt 0:00:13]} 26. Na4 {[%emt 0:00:15]} bxa5 {[%emt 0:00:09]} 27. Qxa5 {[%emt 0:00:08]} gxh2+ {[%emt 0:00:36]} 28. Kh1 {[%emt 0:00:19]} h4 {[%emt 0:00:11]} 29. Ba6 {[%emt 0:00:39]} h3 {[%emt 0:00:50]} 30. Bb7 {[%emt 0:00:21]} hxg2+ {[%emt 0:00:03]} 31. Kxg2 {[%emt 0:00:02]} Nh4+ {[%emt 0:00:09]} 32. Kf2 {[%emt 0:00:09]} Rg7 {[%emt 0:00:12]} 33. Ke2 {[%emt 0:00:51]} Rg2+ {[%emt 0:00:17]} 34. Rf2 {[%emt 0:00:06]} Rxf2+ {[%emt 0:00:19]} 35. Kxf2 {[%emt 0:00:03]} Qg6 {[%emt 0:00:01]} 36. Ke2 {[%emt 0:01:15]} Qg2+ {[%emt 0:00:04]} 37. Kd3 {[%emt 0:00:01]} Qxf3+ {[%emt 0:00:07]} 38. Kc2 {[%emt 0:00:17]} Re8 {[%emt 0:00:10]} 39. Qe1 {[%emt 0:00:07]} Qxe4+ {[%emt 0:00:08]} 40. Qxe4 {[%emt 0:00:06]} Nxe4 {[%emt 0:00:00]} 41. Rh1 {[%emt 0:00:42]} Nf3 {[%emt 0:00:08] UrosN resigns} 0-1

[Event "OEISM 0818 BLMM"]
[Site "austriablmm"]
[Date "2020.12.12"]
[Round "8"]
[White "Jorei"]
[Black "Einhorn2010"]
[Result "1-0"]
[WhiteElo "1803"]
[BlackElo "1610"]
[Annotator "NA"]
[PlyCount "69"]
[EventDate "2020.12.12"]
[EventType "blitz"]

1. e4 {[%emt 0:00:04]} e5 {[%emt 0:00:02]} 2. Nf3 {[%emt 0:00:02]} Nf6 {[%emt 0:00:02]} 3. Nc3 {[%emt 0:00:03]} Nc6 {[%emt 0:00:02]} 4. Bc4 {[%emt 0:00:02]} Bb4 {[%emt 0:00:03]} 5. a3 {[%emt 0:00:09]} Bxc3 {[%emt 0:00:02]} 6. dxc3 {[%emt 0:00:03]} Nxe4 {[%emt 0:00:01]} 7. Qd5 {[%emt 0:00:05]} Nd6 {[%emt 0:00:07]} 8. Nxe5 {[%emt 0:00:04]} O-O {[%emt 0:00:14]} 9. Nxc6 {[%emt 0:00:17]} dxc6 {[%emt 0:00:03]} 10. Qf3 {[%emt 0:00:20]} Re8+ {[%emt 0:00:04]} 11. Be3 {[%emt 0:00:09]} Be6 {[%emt 0:00:05]} 12. Bxe6 {[%emt 0:00:08]} Rxe6 {[%emt 0:00:01]} 13. O-O {[%emt 0:00:04]} Rf6 {[%emt 0:00:03]} 14. Qh3 {[%emt 0:00:19]} Nc4 {[%emt 0:00:14]} 15. Bg5 {[%emt 0:00:09]} Qd6 {[%emt 0:00:16]} 16. Bxf6 {[%emt 0:00:11]} Qxf6 {[%emt 0:00:02]} 17. b3 {[%emt 0:00:16]} Nd2 {[%emt 0:00:08]} 18. Rfd1 {[%emt 0:00:08]} Ne4 {[%emt 0:00:06]} 19. Qd7 {[%emt 0:01:01]} Qxf2+ {[%emt 0:00:14]} 20. Kh1 {[%emt 0:00:03]} h6 {[%emt 0:00:19]} 21. Qd3 {[%emt 0:00:23]} Nf6 {[%emt 0:00:12]} 22. Rf1 {[%emt 0:00:23]} Qh4 {[%emt 0:00:10]} 23. Qg3 {[%emt 0:00:12]} Qh5 {[%emt 0:00:11]} 24. Rxf6 {[%emt 0:00:05]} Kh8 {[%emt 0:00:08]} 25. Rf4 {[%emt 0:00:16]} Rd8 {[%emt 0:00:09]} 26. Qf3 {[%emt 0:00:17]} Qg6 {[%emt 0:00:10]} 27. Rxf7 {[%emt 0:00:19]} Kh7 {[%emt 0:00:05]} 28. Qf5 {[%emt 0:00:05]} Qxf5 {[%emt 0:00:03]} 29. Rxf5 {[%emt 0:00:02]} Rd2 {[%emt 0:00:02]} 30. Rc1 {[%emt 0:00:04]} g6 {[%emt 0:00:07]} 31. Rf7+ {[%emt 0:00:09]} Kg8 {[%emt 0:00:02]} 32. Re7 {[%emt 0:00:01]} Rd5 {[%emt 0:00:09]} 33. Rxc7 {[%emt 0:00:04]} Rb5 {[%emt 0:00:01]} 34. Rd1 {[%emt 0:00:07]} Kf8 {[%emt 0:00:06]} 35. Rd8# {[%emt 0:00:03] Mate} 1-0

[Event "OEISM 0818 BLMM"]
[Site "austriablmm"]
[Date "2020.12.12"]
[Round "8"]
[White "Schaf2009"]
[Black "Robert_III"]
[Result "1-0"]
[WhiteElo "1802"]
[BlackElo "1662"]
[Annotator "NA"]
[PlyCount "69"]
[EventDate "2020.12.12"]
[EventType "blitz"]

1. d4 {[%emt 0:00:05]} d5 {[%emt 0:00:03]} 2. Bf4 {[%emt 0:00:03]} Nf6 {[%emt 0:00:04]} 3. e3 {[%emt 0:00:02]} e6 {[%emt 0:00:04]} 4. c4 {[%emt 0:00:04]} c6 {[%emt 0:00:02]} 5. Nc3 {[%emt 0:00:02]} Nbd7 {[%emt 0:00:03]} 6. Nf3 {[%emt 0:00:07]} Be7 {[%emt 0:00:02]} 7. Rc1 {[%emt 0:00:12]} O-O {[%emt 0:00:06]} 8. h3 {[%emt 0:00:08]} a6 {[%emt 0:00:02]} 9. cxd5 {[%emt 0:00:12]} exd5 {[%emt 0:00:04]} 10. Bd3 {[%emt 0:00:04]} Re8 {[%emt 0:00:04]} 11. O-O {[%emt 0:00:09]} Nf8 {[%emt 0:00:03]} 12. Re1 {[%emt 0:00:17]} Ne6 {[%emt 0:00:13]} 13. Bh2 {[%emt 0:00:06]} Bb4 {[%emt 0:00:12]} 14. Ne5 {[%emt 0:00:16]} Nd7 {[%emt 0:00:22]} 15. Qh5 {[%emt 0:00:33]} g6 {[%emt 0:00:05]} 16. Qf3 {[%emt 0:00:08]} Nxe5 {[%emt 0:00:09]} 17. Bxe5 {[%emt 0:00:04]} Bf8 {[%emt 0:00:17]} 18. e4 {[%emt 0:00:25]} dxe4 {[%emt 0:00:06]} 19. Nxe4 {[%emt 0:00:03]} Nxd4 {[%emt 0:00:04]} 20. Bxd4 {[%emt 0:00:17]} Qxd4 {[%emt 0:00:14]} 21. Nf6+ {[%emt 0:00:07]} Kg7 {[%emt 0:00:03]} 22. Nxe8+ {[%emt 0:00:04]} Kh8 {[%emt 0:00:03]} 23. Qf6+ {[%emt 0:00:03]} Qxf6 {[%emt 0:00:07]} 24. Nxf6 {[%emt 0:00:00]} Be6 {[%emt 0:00:02]} 25. Bc4 {[%emt 0:00:22]} Bxc4 {[%emt 0:00:05]} 26. Rxc4 {[%emt 0:00:02]} Rd8 {[%emt 0:00:06]} 27. Rh4 {[%emt 0:00:20]} h5 {[%emt 0:00:05]} 28. Rhe4 {[%emt 0:00:04]} Kg7 {[%emt 0:00:02]} 29. Rf4 {[%emt 0:00:11]} Rd2 {[%emt 0:00:22]} 30. g4 {[%emt 0:00:20]} hxg4 {[%emt 0:00:17]} 31. Nxg4 {[%emt 0:00:05]} Rxb2 {[%emt 0:00:05]} 32. Rd1 {[%emt 0:00:08]} f5 {[%emt 0:00:12]} 33. Rd7+ {[%emt 0:00:05]} Kg8 {[%emt 0:00:02]} 34. Nf6+ {[%emt 0:00:04]} Kh8 {[%emt 0:00:01]} 35. Rh4+ {[%emt 0:00:01] Robert_III resigns} 1-0

[Event "OEISM 0818 BLMM"]
[Site "austriablmm"]
[Date "2020.12.12"]
[Round "8"]
[White "Johnny Johnson"]
[Black "Moritz_Pernerstorfer"]
[Result "0-1"]
[WhiteElo "1776"]
[BlackElo "1667"]
[Annotator "NA RC"]
[PlyCount "136"]
[EventDate "2020.12.12"]
[EventType "blitz"]

1. e4 {[%emt 0:00:07]} d6 {[%emt 0:00:10]} 2. d4 {[%emt 0:00:05]} g6 {[%emt 0:00:04]} 3. Nc3 {[%emt 0:00:05]} Bg7 {[%emt 0:00:06]} 4. Be3 {[%emt 0:00:06]} Nd7 {[%emt 0:00:08]} 5. Qd2 {[%emt 0:00:11]} a6 {[%emt 0:00:10]} 6. a4 {[%emt 0:00:07]} e5 {[%emt 0:00:17]} 7. Nge2 {[%emt 0:00:40]} f5 {[%emt 0:00:10]} 8. f3 {[%emt 0:00:24]} Ngf6 {[%emt 0:00:13]} 9. exf5 {[%emt 0:01:04]} gxf5 {[%emt 0:00:06]} 10. dxe5 {[%emt 0:00:13]} dxe5 {[%emt 0:00:04]} 11. O-O-O {[%emt 0:00:15]} O-O {[%emt 0:00:15]} 12. Nd5 {[%emt 0:00:11]} c6 {[%emt 0:00:49]} 13. Nxf6+ {[%emt 0:00:12]} Qxf6 {[%emt 0:00:06]} 14. Nc3 {[%emt 0:00:10]} b5 {[%emt 0:01:42]} 15. Qd6 {[%emt 0:00:36]} Qxd6 {[%emt 0:00:35]} 16. Rxd6 {[%emt 0:00:00]} Rf6 {[%emt 0:00:07] Moritz_Pernerstorfer offers a draw} 17. Rd1 {[%emt 0:02:07]} Nf8 {[%emt 0:00:45]} 18. Bd3 {[%emt 0:01:16]} Be6 {[%emt 0:00:55]} 19. a5 {[%emt 0:00:13]} Bh6 {[%emt 0:01:14]} 20. Bxh6 {[%emt 0:00:18]} Rxh6 {[%emt 0:00:04]} 21. Rde1 {[%emt 0:00:26]} Nd7 {[%emt 0:00:18]} 22. h3 {[%emt 0:00:12]} Rf8 {[%emt 0:00:52]} 23. Nd1 {[%emt 0:00:32]} Bd5 {[%emt 0:00:26]} 24. Ne3 {[%emt 0:00:09]} e4 {[%emt 0:01:23]} 25. Nxd5 {[%emt 0:00:41]} cxd5 {[%emt 0:00:06]} 26. Be2 {[%emt 0:00:05]} Rg6 {[%emt 0:00:07]} 27. Rhg1 {[%emt 0:00:18]} Ne5 {[%emt 0:00:03]} 28. f4 {[%emt 0:00:07]} Nc6 {[%emt 0:00:01]} 29. Rd1 {[%emt 0:00:12]} Rd8 {[%emt 0:00:02]} 30. g4 {[%emt 0:00:04]} fxg4 {[%emt 0:00:04]} 31. hxg4 {[%emt 0:00:00]} Nxa5 {[%emt 0:00:03]} 32. g5 {[%emt 0:00:03]} Nc4 {[%emt 0:00:04]} 33. f5 {[%emt 0:00:06]} Rgd6 {[%emt 0:00:02]} 34. Rg3 {[%emt 0:00:17]} Ne5 {[%emt 0:00:03]} 35. Rh1 {[%emt 0:00:05]} d4 {[%emt 0:00:03]} 36. Rgh3 {[%emt 0:00:04]} R8d7 {[%emt 0:00:01]} 37. Bf1 {[%emt 0:00:09]} d3 {[%emt 0:00:02]} 38. cxd3 {[%emt 0:00:01]} exd3 {[%emt 0:00:05]} 39. g6 {[%emt 0:00:04]} hxg6 {[%emt 0:00:04]} 40. fxg6 {[%emt 0:00:01]} Rxg6 {[%emt 0:00:06]} 41. Rh8+ {[%emt 0:00:01]} Kf7 {[%emt 0:00:01]} 42. R8h7+ {[%emt 0:00:05]} Rg7 {[%emt 0:00:03]} 43. Rxg7+ {[%emt 0:00:01]} Kxg7 {[%emt 0:00:01]} 44. Rh3 {[%emt 0:00:06]} Kg6 {[%emt 0:00:03]} 45. Kd2 {[%emt 0:00:02]} Nc4+ {[%emt 0:00:03]} 46. Kc3 {[%emt 0:00:02]} d2 {[%emt 0:00:01]} 47. Be2 {[%emt 0:00:06]} d1=Q {[%emt 0:00:02]} 48. Bxd1 {[%emt 0:00:01]} Rxd1 {[%emt 0:00:01]} 49. Kb4 {[%emt 0:00:03]} Rb1 {[%emt 0:00:03]} 50. b3 {[%emt 0:00:04]} Nd2 {[%emt 0:00:07]} 51. Ka5 {[%emt 0:00:01]} Rxb3 {[%emt 0:00:05]} 52. Rh2 {[%emt 0:00:06]} Nc4+ {[%emt 0:00:03]} 53. Kxa6 {[%emt 0:00:02]} Kf5 {[%emt 0:00:02]} 54. Rh5+ {[%emt 0:00:02]} Ke4 {[%emt 0:00:05]} 55. Kb7 {[%emt 0:00:07]} b4 {[%emt 0:00:02]} 56. Kc6 {[%emt 0:00:02]} Kd3 {[%emt 0:00:02]} 57. Rh3+ {[%emt 0:00:02]} Ne3 {[%emt 0:00:01]} 58. Kc5 {[%emt 0:00:02]} Rb1 {[%emt 0:00:01]} 59. Rh4 {[%emt 0:00:01]} b3 {[%emt 0:00:02]} 60. Kb4 {[%emt 0:00:01]} Nc2+ {[%emt 0:00:09]} 61. Ka4 {[%emt 0:00:02]} Kc3 {[%emt 0:00:01]} 62. Rh3+ {[%emt 0:00:01]} Kc4 {[%emt 0:00:07]} 63. Rh4+ {[%emt 0:00:01]} Nd4 {[%emt 0:00:01]} 64. Ka3 {[%emt 0:00:03]} Rc1 {[%emt 0:00:08]} 65. Rh8 {[%emt 0:00:11]} Rc2 {[%emt 0:00:02]} 66. Rc8+ {[%emt 0:00:02]} Kd3 {[%emt 0:00:01]} 67. Rb8 {[%emt 0:00:03]} Ra2+ {[%emt 0:00:01]} 68. Kb4 {[%emt 0:00:02]} Nc6+ {[%emt 0:00:01] Johnny Johnson resigns} 0-1

[Event "OEISM 0818 BLMM"]
[Site "austriablmm"]
[Date "2020.12.12"]
[Round "8"]
[White "Magdalena_m"]
[Black "Jakob19"]
[Result "0-1"]
[WhiteElo "1757"]
[BlackElo "1989"]
[Annotator "NA"]
[PlyCount "78"]
[EventDate "2020.12.12"]
[EventType "blitz"]

1. e4 {[%emt 0:00:02]} c6 {[%emt 0:00:01]} 2. d4 {[%emt 0:00:02]} d5 {[%emt 0:00:01]} 3. exd5 {[%emt 0:00:01]} cxd5 {[%emt 0:00:00]} 4. Bd3 {[%emt 0:00:01]} Nc6 {[%emt 0:00:01]} 5. c3 {[%emt 0:00:01]} Qc7 {[%emt 0:00:01]} 6. Ne2 {[%emt 0:00:25]} Bg4 {[%emt 0:00:04]} 7. O-O {[%emt 0:00:09]} Bh5 {[%emt 0:00:05]} 8. f3 {[%emt 0:00:14]} e6 {[%emt 0:00:16]} 9. Qe1 {[%emt 0:00:24]} Bg6 {[%emt 0:00:06]} 10. Bb5 {[%emt 0:00:30]} Bd6 {[%emt 0:00:04]} 11. Ng3 {[%emt 0:00:14]} Nge7 {[%emt 0:00:24]} 12. Na3 {[%emt 0:00:29]} h5 {[%emt 0:00:27]} 13. f4 {[%emt 0:00:37]} h4 {[%emt 0:00:09]} 14. Ne2 {[%emt 0:00:35]} h3 {[%emt 0:00:07]} 15. g3 {[%emt 0:00:17]} a6 {[%emt 0:00:09]} 16. Ba4 {[%emt 0:00:07]} O-O-O {[%emt 0:00:21]} 17. Bc2 {[%emt 0:00:19]} Bxa3 {[%emt 0:00:35]} 18. Bxg6 {[%emt 0:00:15]} Bxb2 {[%emt 0:00:14]} 19. Bxb2 {[%emt 0:00:03]} Nxg6 {[%emt 0:00:02]} 20. Rc1 {[%emt 0:00:09]} Na5 {[%emt 0:00:05]} 21. Qd1 {[%emt 0:00:19]} Nc4 {[%emt 0:00:05]} 22. Qc2 {[%emt 0:01:31]} Ne3 {[%emt 0:00:05]} 23. Qd3 {[%emt 0:00:01]} Nxf1 {[%emt 0:00:01]} 24. c4 {[%emt 0:00:14]} Kb8 {[%emt 0:00:22]} 25. Kxf1 {[%emt 0:00:13]} dxc4 {[%emt 0:00:12]} 26. Rxc4 {[%emt 0:00:03]} Qd6 {[%emt 0:00:12]} 27. Ba3 {[%emt 0:00:07]} Qd5 {[%emt 0:00:06]} 28. Rb4 {[%emt 0:00:28]} Ka7 {[%emt 0:00:26]} 29. Rb2 {[%emt 0:00:13]} Rc8 {[%emt 0:00:15]} 30. Nc3 {[%emt 0:00:22]} Qh1+ {[%emt 0:00:13]} 31. Kf2 {[%emt 0:00:05]} Qxh2+ {[%emt 0:00:08]} 32. Kf1 {[%emt 0:00:04]} Qh1+ {[%emt 0:00:04]} 33. Kf2 {[%emt 0:00:01]} h2 {[%emt 0:00:28]} 34. Nb5+ {[%emt 0:00:19]} axb5 {[%emt 0:00:15]} 35. Qxb5 {[%emt 0:00:01]} Qc6 {[%emt 0:00:39]} 36. Bc5+ {[%emt 0:00:16]} Ka8 {[%emt 0:00:02]} 37. Qa5+ {[%emt 0:00:11]} Qa6 {[%emt 0:00:03]} 38. Qxa6+ {[%emt 0:00:50]} bxa6 {[%emt 0:00:03]} 39. Rb6 {[%emt 0:00:01]} Rxc5 {[%emt 0:00:08] Magdalena_m gibt auf (Lag: Av=0.76s, max=1.1s)} 0-1

[Event "OEISM 0818 BLMM"]
[Site "austriablmm"]
[Date "2020.12.12"]
[Round "8"]
[White "EdiRaber"]
[Black "Alexander Hörfarter"]
[Result "1-0"]
[WhiteElo "1747"]
[BlackElo "1474"]
[Annotator "NA RC"]
[PlyCount "31"]
[EventDate "2020.12.12"]
[EventType "blitz"]

1. e4 {[%emt 0:00:17]} e5 {[%emt 0:00:04]} 2. Nf3 {[%emt 0:00:04]} Nc6 {[%emt 0:00:03]} 3. Bc4 {[%emt 0:00:04]} Bc5 {[%emt 0:00:02]} 4. O-O {[%emt 0:00:03]} Nf6 {[%emt 0:00:04]} 5. d3 {[%emt 0:00:04]} d6 {[%emt 0:00:05]} 6. Bg5 {[%emt 0:00:03]} h5 {[%emt 0:00:02]} 7. Nc3 {[%emt 0:00:05]} Ne7 {[%emt 0:00:06]} 8. a3 {[%emt 0:00:12]} Nh7 {[%emt 0:00:05]} 9. b4 {[%emt 0:00:12]} Bb6 {[%emt 0:00:07]} 10. Na4 {[%emt 0:00:05]} Nxg5 {[%emt 0:00:05]} 11. Nxg5 {[%emt 0:00:05]} Ng6 {[%emt 0:00:03]} 12. Nxb6 {[%emt 0:00:04]} axb6 {[%emt 0:00:03]} 13. Bxf7+ {[%emt 0:00:03]} Kf8 {[%emt 0:00:32]} 14. Bxg6 {[%emt 0:00:11]} Qxg5 {[%emt 0:00:07]} 15. Qf3+ {[%emt 0:00:02]} Kg8 {[%emt 0:00:05]} 16. Qf7# {[%emt 0:00:03] Mate Mate} 1-0

[Event "OEISM 0818 BLMM"]
[Site "austriablmm"]
[Date "2020.12.12"]
[Round "8"]
[White "Matschi2006"]
[Black "Miriamk"]
[Result "1-0"]
[WhiteElo "1739"]
[BlackElo "1544"]
[Annotator "NA"]
[PlyCount "59"]
[EventDate "2020.12.12"]
[EventType "blitz"]

1. d4 {[%emt 0:00:22]} d5 {[%emt 0:00:10]} 2. Nf3 {[%emt 0:00:06]} Nf6 {[%emt 0:00:02]} 3. c4 {[%emt 0:00:02]} e6 {[%emt 0:00:03]} 4. g3 {[%emt 0:00:01]} Nbd7 {[%emt 0:00:07]} 5. Bg2 {[%emt 0:00:04]} b6 {[%emt 0:00:27]} 6. cxd5 {[%emt 0:00:06]} exd5 {[%emt 0:00:38]} 7. O-O {[%emt 0:00:03]} Bb7 {[%emt 0:00:03]} 8. Nc3 {[%emt 0:00:01]} Be7 {[%emt 0:00:13]} 9. Rb1 {[%emt 0:00:08]} a5 {[%emt 0:00:18]} 10. Qc2 {[%emt 0:00:20]} O-O {[%emt 0:00:24]} 11. Bf4 {[%emt 0:00:03]} Nh5 {[%emt 0:01:34]} 12. Rbd1 {[%emt 0:00:26]} Nxf4 {[%emt 0:00:28]} 13. gxf4 {[%emt 0:00:00]} Nf6 {[%emt 0:00:07]} 14. Ne5 {[%emt 0:00:05]} Re8 {[%emt 0:00:42]} 15. Nb5 {[%emt 0:00:19]} Bd6 {[%emt 0:00:37]} 16. e3 {[%emt 0:00:08]} Ba6 {[%emt 0:00:26]} 17. a4 {[%emt 0:00:13]} Rc8 {[%emt 0:01:02]} 18. Qc6 {[%emt 0:00:34]} Bxe5 {[%emt 0:01:10]} 19. dxe5 {[%emt 0:00:08]} Ng4 {[%emt 0:00:07]} 20. Rxd5 {[%emt 0:02:56]} Qh4 {[%emt 0:00:26]} 21. h3 {[%emt 0:00:02]} Re6 {[%emt 0:00:35]} 22. Qd7 {[%emt 0:00:33]} Nh6 {[%emt 0:00:14]} 23. Rfd1 {[%emt 0:01:30]} g6 {[%emt 0:00:53]} 24. Nd4 {[%emt 0:01:09]} Ree8 {[%emt 0:00:08]} 25. Nc6 {[%emt 0:00:10]} g5 {[%emt 0:00:13]} 26. Ne7+ {[%emt 0:00:17]} Rxe7 {[%emt 0:00:05]} 27. Qxe7 {[%emt 0:00:04]} Bb7 {[%emt 0:00:04]} 28. Rd8+ {[%emt 0:00:03]} Rxd8 {[%emt 0:00:02]} 29. Rxd8+ {[%emt 0:00:01]} Kg7 {[%emt 0:00:02]} 30. Qf6# {[%emt 0:00:01] Mate} 1-0

[Event "OEISM 0818 BLMM"]
[Site "austriablmm"]
[Date "2020.12.12"]
[Round "8"]
[White "Ji-Jay-Jim"]
[Black "Martinovicdavid"]
[Result "0-1"]
[WhiteElo "1726"]
[BlackElo "1687"]
[Annotator "NA RC"]
[PlyCount "100"]
[EventDate "2020.12.12"]
[EventType "blitz"]

1. e4 {[%emt 0:00:06]} e5 {[%emt 0:00:03]} 2. Nf3 {[%emt 0:00:05]} Nc6 {[%emt 0:00:02]} 3. d4 {[%emt 0:00:06]} exd4 {[%emt 0:00:04]} 4. Bc4 {[%emt 0:00:07]} d5 {[%emt 0:00:11]} 5. exd5 {[%emt 0:00:13]} Na5 {[%emt 0:00:03]} 6. Bb3 {[%emt 0:00:21]} Nxb3 {[%emt 0:00:04]} 7. axb3 {[%emt 0:00:06]} Qxd5 {[%emt 0:00:05]} 8. c4 {[%emt 0:00:12]} Qe6+ {[%emt 0:00:21]} 9. Qe2 {[%emt 0:00:15]} Qxe2+ {[%emt 0:00:06]} 10. Kxe2 {[%emt 0:00:08]} Bg4 {[%emt 0:00:03]} 11. h3 {[%emt 0:00:21]} Bxf3+ {[%emt 0:00:08]} 12. Kxf3 {[%emt 0:00:09]} Nf6 {[%emt 0:00:03]} 13. Re1+ {[%emt 0:00:07]} Kd7 {[%emt 0:00:12]} 14. Bg5 {[%emt 0:00:25]} Bd6 {[%emt 0:00:09]} 15. Bxf6 {[%emt 0:00:10]} gxf6 {[%emt 0:00:04]} 16. Nd2 {[%emt 0:00:19]} a6 {[%emt 0:00:04]} 17. Ne4 {[%emt 0:00:13]} Be5 {[%emt 0:00:42]} 18. Rad1 {[%emt 0:00:20]} b6 {[%emt 0:00:25]} 19. c5 {[%emt 0:00:08]} Kc6 {[%emt 0:00:26]} 20. Rc1 {[%emt 0:00:44]} Rhe8 {[%emt 0:00:26]} 21. g3 {[%emt 0:01:03]} Kb5 {[%emt 0:00:13]} 22. cxb6 {[%emt 0:00:58]} cxb6 {[%emt 0:00:42]} 23. Rc4 {[%emt 0:00:35]} Rac8 {[%emt 0:00:12]} 24. Rec1 {[%emt 0:00:07] Ji-Jay-Jim offers a draw} Rxc4 {[%emt 0:00:43]} 25. Rxc4 {[%emt 0:00:02]} a5 {[%emt 0:00:25]} 26. Kg2 {[%emt 0:00:13]} Ka6 {[%emt 0:00:52]} 27. b4 {[%emt 0:00:17]} Kb5 {[%emt 0:00:12]} 28. Rc1 {[%emt 0:00:32]} Kxb4 {[%emt 0:00:05]} 29. Nd2 {[%emt 0:00:04]} b5 {[%emt 0:00:14]} 30. f4 {[%emt 0:00:12]} Bxf4 {[%emt 0:00:17]} 31. gxf4 {[%emt 0:00:04]} Re2+ {[%emt 0:00:04]} 32. Kf3 {[%emt 0:00:05]} Rxd2 {[%emt 0:00:03]} 33. Rb1 {[%emt 0:00:06]} Kb3 {[%emt 0:00:03]} 34. Ke4 {[%emt 0:00:04]} Rxb2 {[%emt 0:00:03]} 35. Rd1 {[%emt 0:00:03]} a4 {[%emt 0:00:03]} 36. Kxd4 {[%emt 0:00:03]} a3 {[%emt 0:00:02]} 37. Kd3 {[%emt 0:00:13]} a2 {[%emt 0:00:02]} 38. Ra1 {[%emt 0:00:02]} Rb1 {[%emt 0:00:02]} 39. Rxa2 {[%emt 0:00:02]} Kxa2 {[%emt 0:00:02]} 40. Kc2 {[%emt 0:00:00]} b4 {[%emt 0:00:02]} 41. h4 {[%emt 0:00:05]} b3+ {[%emt 0:00:01]} 42. Kc3 {[%emt 0:00:02]} b2 {[%emt 0:00:01]} 43. h5 {[%emt 0:00:03]} Rc1+ {[%emt 0:00:02]} 44. Kd2 {[%emt 0:00:01]} b1=Q {[%emt 0:00:02]} 45. f5 {[%emt 0:00:03]} Qc2+ {[%emt 0:00:02]} 46. Ke3 {[%emt 0:00:02]} Qc4 {[%emt 0:00:02]} 47. h6 {[%emt 0:00:02]} Rc3+ {[%emt 0:00:04]} 48. Kf2 {[%emt 0:00:03]} Qf4+ {[%emt 0:00:02]} 49. Ke2 {[%emt 0:00:02]} Qh2+ {[%emt 0:00:02]} 50. Kd1 {[%emt 0:00:03]} Rg3 {[%emt 0:00:03] Ji-Jay-Jim resigns} 0-1

[Event "OEISM 0818 BLMM"]
[Site "austriablmm"]
[Date "2020.12.12"]
[Round "8"]
[White "gadoru"]
[Black "Kriasi"]
[Result "1-0"]
[WhiteElo "1710"]
[BlackElo "1784"]
[Annotator "NA RC"]
[PlyCount "115"]
[EventDate "2020.12.12"]
[EventType "blitz"]

1. e4 {[%emt 0:00:03]} c6 {[%emt 0:00:02]} 2. d4 {[%emt 0:00:02]} d5 {[%emt 0:00:01]} 3. Nc3 {[%emt 0:00:01]} dxe4 {[%emt 0:00:03]} 4. Nxe4 {[%emt 0:00:01]} Bf5 {[%emt 0:00:00]} 5. Ng3 {[%emt 0:00:05]} Bg6 {[%emt 0:00:01]} 6. Nf3 {[%emt 0:00:13]} e6 {[%emt 0:00:12]} 7. Bd3 {[%emt 0:00:19]} Nf6 {[%emt 0:00:09]} 8. O-O {[%emt 0:00:05]} Bd6 {[%emt 0:00:08]} 9. c3 {[%emt 0:00:06]} Nbd7 {[%emt 0:00:06]} 10. Re1 {[%emt 0:00:05]} O-O {[%emt 0:00:15]} 11. Bxg6 {[%emt 0:00:03]} hxg6 {[%emt 0:00:00]} 12. Bg5 {[%emt 0:00:08]} Qb6 {[%emt 0:00:17]} 13. Qc2 {[%emt 0:00:19]} Rac8 {[%emt 0:00:16]} 14. Bxf6 {[%emt 0:00:10]} Nxf6 {[%emt 0:00:03]} 15. Ne4 {[%emt 0:00:10]} Be7 {[%emt 0:00:06]} 16. Nxf6+ {[%emt 0:00:13]} gxf6 {[%emt 0:00:16]} 17. Nd2 {[%emt 0:00:54]} Kg7 {[%emt 0:00:14]} 18. Re3 {[%emt 0:00:40]} Rh8 {[%emt 0:00:08]} 19. h3 {[%emt 0:00:22]} Qc7 {[%emt 0:00:08]} 20. Rae1 {[%emt 0:00:10]} f5 {[%emt 0:00:24]} 21. Nf3 {[%emt 0:00:29]} Bf6 {[%emt 0:00:05]} 22. Ne5 {[%emt 0:00:21]} Bxe5 {[%emt 0:00:12]} 23. Rxe5 {[%emt 0:00:04]} Qd6 {[%emt 0:00:05]} 24. Qe2 {[%emt 0:00:28]} c5 {[%emt 0:00:13]} 25. dxc5 {[%emt 0:00:11]} Rxc5 {[%emt 0:00:04]} 26. Rxc5 {[%emt 0:00:08]} Qxc5 {[%emt 0:00:04]} 27. Rd1 {[%emt 0:00:40]} Kf6 {[%emt 0:00:35]} 28. Qd3 {[%emt 0:00:10]} Rc8 {[%emt 0:00:10]} 29. Qd7 {[%emt 0:00:30]} Qc7 {[%emt 0:00:16]} 30. Qxc7 {[%emt 0:00:10]} Rxc7 {[%emt 0:00:00]} 31. Kf1 {[%emt 0:00:03]} e5 {[%emt 0:00:06]} 32. Ke2 {[%emt 0:00:03]} Ke6 {[%emt 0:00:01]} 33. Rd8 {[%emt 0:00:08]} f4 {[%emt 0:00:29]} 34. Re8+ {[%emt 0:01:01]} Kf5 {[%emt 0:00:05]} 35. f3 {[%emt 0:00:28]} Rd7 {[%emt 0:00:08]} 36. b3 {[%emt 0:00:14]} Rc7 {[%emt 0:00:23]} 37. c4 {[%emt 0:00:04]} b5 {[%emt 0:00:02]} 38. Kd3 {[%emt 0:00:08]} a6 {[%emt 0:00:21]} 39. a4 {[%emt 0:00:17]} bxc4+ {[%emt 0:00:16]} 40. bxc4 {[%emt 0:00:03]} Rd7+ {[%emt 0:00:13]} 41. Kc3 {[%emt 0:00:08]} Rd1 {[%emt 0:00:04]} 42. c5 {[%emt 0:00:05]} a5 {[%emt 0:00:07]} 43. Kc4 {[%emt 0:00:05]} Rb1 {[%emt 0:00:07]} 44. c6 {[%emt 0:00:11]} Rc1+ {[%emt 0:00:17]} 45. Kb5 {[%emt 0:00:06]} g5 {[%emt 0:00:09]} 46. Kb6 {[%emt 0:00:06]} Rb1+ {[%emt 0:00:20]} 47. Kxa5 {[%emt 0:00:12]} Rc1 {[%emt 0:00:02]} 48. Kb6 {[%emt 0:00:04]} Rb1+ {[%emt 0:00:02]} 49. Ka7 {[%emt 0:00:10]} Ra1 {[%emt 0:00:08]} 50. c7 {[%emt 0:00:29]} Rxa4+ {[%emt 0:00:03]} 51. Kb6 {[%emt 0:00:05]} Rb4+ {[%emt 0:00:02]} 52. Kc5 {[%emt 0:00:16]} Rb2 {[%emt 0:00:02]} 53. c8=Q+ {[%emt 0:00:07]} Kg6 {[%emt 0:00:00]} 54. Rg8+ {[%emt 0:00:03]} Kh7 {[%emt 0:00:07]} 55. Rh8+ {[%emt 0:00:02]} Kg7 {[%emt 0:00:02]} 56. Qf8+ {[%emt 0:00:05]} Kf6 {[%emt 0:00:02]} 57. Rh6+ {[%emt 0:00:02]} Kf5 {[%emt 0:00:01]} 58. Qc8# {[%emt 0:00:02] Mate Mate} 1-0